000 01478cam a2200385 a 4500
001 15006826
003 ARRUPE
005 20140530111713.0
008 070914s2008 njua b 001 0 eng
010 _a 2007037617
015 _aGBA869740
_2bnb
016 7 _a014622535
_2Uk
020 _a9780691135281 (alk. paper)
020 _a0691135282 (alk. paper)
035 _a(OCoLC)ocn173299020
035 _a(OCoLC)173299020
040 _aDLC
_cDLC
_dBAKER
_dBTCTA
_dYDXCP
_dC#P
_dUKM
_dDLC
050 0 0 _aGN307.65
_b.B64 2008
082 0 0 _a305.8
_222
100 1 _aBoellstorff, Tom,
_d1969-
_910489
245 1 0 _aComing of age in Second Life :
_ban anthropologist explores the virtually human /
_cTom Boellstorff.
260 _aPrinceton :
_bPrinceton University Press,
_cc2008.
300 _axiii, 316 p. :
_bill. ;
_c24 cm.
504 _aIncludes bibliographical references (p. [271]-301) and index.
650 0 _aEthnology
_xComputer network resources.
_910490
650 0 _aEthnology
_xInteractive media.
_910491
650 0 _aEthnology
_xFieldwork.
_910492
650 0 _aSecond Life (Game)
_910493
650 0 _aInternet.
_910494
650 0 _aVirtual reality.
_910495
856 4 1 _3Table of contents only
_uhttp://www.loc.gov/catdir/toc/ecip0727/2007037617.html
906 _a7
_bcbc
_corignew
_d1
_eecip
_f20
_gy-gencatlg
942 _2lcc
_cMONOGRAPH
999 _c120579
_d120579